000 00514nam a2200181 a 4500
005 20141210163627.0
008 140128b2007 ck ||||| |||| 00| 0 spa d
040 _cCO-BoIH
041 _aspa
044 _ack
090 _aIAVH
_b00728
100 _aSánchez, Oswaldo Andrés
_95342
245 _aCaracterización química microbilógica y organoléptica de mieles del Huila
260 _aBogotá
_bInstituto Alexander von Humboldt
_bCIAT
_c2007
300 _a65 p.
942 _cINFORME
_2z
945 _d2007-09-20
999 _c5830
_d5830